| 000 | 00629cam a2200193 a 4500 | ||
|---|---|---|---|
| 001 | 000008867 | ||
| 005 | 20200929161428.0 | ||
| 008 | 790320s1960 cu 000 f spa d | ||
| 040 |
_aDO-SdBNP _bspa _cLC _dBNPHU |
||
| 082 |
_aCu863.3 _bH816p |
||
| 100 | 1 |
_aHorrego Estuch, Leopoldo, _d1894- _923419 |
|
| 245 | 1 | 0 |
_aPlacido : _bel poeta infortunado / _cLeopoldo Horrego Estuch. |
| 260 |
_aLa Habana : _bDirección General de Cultura, Ministerio de Educación, _c1960. |
||
| 300 |
_a366 p. ; _c18 cm. |
||
| 650 | 4 |
_aNovela cubana _92316 |
|
| 650 | 4 |
_aLiteratura cubana _91483 |
|
| 910 | _aCatalogación por copia / LC | ||
| 049 | _aBNGR | ||
| 999 |
_c8636 _d8636 |
||